[Event "Baden-ch 92nd"]
[Site "Pforzheim"]
[Date "2020.09.09"]
[Round "1"]
[White "Wiechert, Hans"]
[Black "Ehmann, Thilo"]
[Result "1/2-1/2"]
[WhiteElo "2177"]
[BlackElo "2329"]
[PlyCount "83"]
[EventDate "2020.09.09"]
[EventType "swiss"]
[EventRounds "7"]
[EventCountry "GER"]
[SourceTitle "EXT 2021"]
[Source "ChessBase"]
[SourceDate "2020.10.23"]
[SourceVersion "1"]
[SourceVersionDate "2020.10.23"]
[SourceQuality "1"]

1. d4 Nf6 2. c4 g6 3. g3 Bg7 4. Bg2 0-0 5. Nc3 d6 6. Nf3 Nc6 7. 0-0 a6 8. b3 Rb8 9. d5 Na5 10. Bg5 c5 11. dxc6 Nxc6 12. Rc1 h6 13. Bd2 e5 14. Nd5 Nxd5 15. cxd5 Ne7 16. e4 f5 17. Ne1 f4 18. Nd3 g5 19. Bf3 Bh3 20. Bg2 Bxg2 21. Kxg2 f3+ 22. Kh1 Qd7 23. Bb4 Kh8 24. Ne1 g4 25. Nd3 Ng8 26. Nb2 Rfd8 27. Nc4 Bf8 28. Qd3 Nf6 29. Ba5 Re8 30. Nb6 Qh7 31. Rc4 Re7 32. h4 Rc7 33. Re1 Rxc4 34. Qxc4 Re8 35. a4 Qg6 36. Kg1 Qg7 37. Bb4 Kg8 38. Ba5 Qg6 39. Bb4 Qg7 40. Ba5 Kh8 41. Bb4 Kg8 42. Ba5 1/2-1/2

[Event "GER-ch Net Amateur Gr-A Vor3"]
[Site "Playchess.com INT"]
[Date "2020.04.16"]
[Round "6"]
[White "Wiechert, Hans"]
[Black "Loew, Gerald"]
[Result "1-0"]
[WhiteElo "1872"]
[BlackElo "2014"]
[PlyCount "137"]
[EventDate "2020.04.16"]
[EventType "swiss (blitz)"]
[EventRounds "9"]
[EventCountry "GER"]
[SourceTitle "CBM 195 Extra"]
[Source "ChessBase"]
[SourceDate "2020.05.31"]
[SourceVersion "1"]
[SourceVersionDate "2020.05.31"]
[SourceQuality "1"]

1. d4 d6 2. c4 e5 3. Nc3 exd4 4. Qxd4 Nc6 5. Qd2 Nf6 6. b3 a5 7. Bb2 a4 8. Nxa4 Rxa4 9. bxa4 d5 10. a3 Bc5 11. e3 0-0 12. Nf3 Bg4 13. Be2 d4 14. Nxd4 Nxd4 15. Bxd4 Bxd4 16. Qxd4 Qxd4 17. exd4 Re8 18. f3 Bd7 19. Kf2 Bxa4 20. Rhe1 g6 21. Bd1 Ra8 22. Bxa4 Rxa4 23. Rec1 Kf8 24. Ke3 Ke7 25. Kd3 Kd6 26. Kc3 c5 27. Kb3 Ra6 28. d5 Nd7 29. f4 Nf6 30. Re1 h5 31. g3 Ra8 32. a4 h4 33. a5 hxg3 34. hxg3 Rh8 35. Rh1 Re8 36. Rae1 Ra8 37. Ka4 b6 38. Kb5 Rxa5+ 39. Kxb6 Ra3 40. Rh8 Nd7+ 41. Kb7 Rb3+ 42. Ka6 Ra3+ 43. Kb5 Rb3+ 44. Ka5 Ra3+ 45. Kb5 Rb3+ 46. Ka4 Rb4+ 47. Ka3 Nb6 48. Rd8+ Kc7 49. Rf8 Nxc4+ 50. Ka2 Nd6 51. Re7+ Kb6 52. Rd7 Nb5 53. Rb8+ Ka5 54. Rdb7 Nc3+ 55. Ka1 Rxb7 56. Rxb7 Nxd5 57. Rxf7 Kb4 58. Rd7 Ne3 59. Rd6 c4 60. Rxg6 Kb3 61. Rb6+ Kc2 62. Re6 Nd5 63. Re5 Nc3 64. f5 Kb3 65. f6 Na4 66. f7 c3 67. f8Q c2 68. Qb8+ Ka3 69. Re3+ 1-0

[Event "GER-ch Net Amateur Gr-A Vor3"]
[Site "Playchess.com INT"]
[Date "2020.04.16"]
[Round "3"]
[White "Wiechert, Hans"]
[Black "Wichmann, Cliff"]
[Result "0-1"]
[WhiteElo "1879"]
[BlackElo "2140"]
[PlyCount "70"]
[EventDate "2020.04.16"]
[EventType "swiss (blitz)"]
[EventRounds "9"]
[EventCountry "GER"]
[SourceTitle "CBM 195 Extra"]
[Source "ChessBase"]
[SourceDate "2020.05.31"]
[SourceVersion "1"]
[SourceVersionDate "2020.05.31"]
[SourceQuality "1"]

1. d4 d5 2. c4 e6 3. Nf3 Nf6 4. g3 Be7 5. Bg2 0-0 6. 0-0 dxc4 7. Qc2 b6 8. Qxc4 Bb7 9. Nc3 Nbd7 10. Rd1 c5 11. Ne5 Bxg2 12. Kxg2 Rc8 13. Nxd7 Qxd7 14. dxc5 Qb7+ 15. Kg1 Bxc5 16. Qh4 Be7 17. Qh3 Rc4 18. Bf4 Ne4 19. Qg2 f5 20. Be5 Bc5 21. e3 Bb4 22. Rac1 Bxc3 23. Bxc3 Rfc8 24. Bd2 Rxc1 25. Rxc1 Rxc1+ 26. Bxc1 Qc7 27. Qf1 Qc6 28. h4 g5 29. h5 g4 30. Qd1 Kf7 31. b3 Ng5 32. Bb2 Nh3+ 33. Kf1 Qh1+ 34. Ke2 Qf3+ 35. Ke1 Qxf2# 0-1

[Event "GER-ch Net Amateur Gr-A Vor2"]
[Site "Playchess.com INT"]
[Date "2020.04.15"]
[Round "2"]
[White "Bashylina, Luisa"]
[Black "Wiechert, Hans"]
[Result "1-0"]
[WhiteElo "1620"]
[BlackElo "1865"]
[PlyCount "77"]
[EventDate "2020.04.15"]
[EventType "swiss (blitz)"]
[EventRounds "9"]
[EventCountry "GER"]
[SourceTitle "CBM 196 Extra"]
[Source "ChessBase"]
[SourceDate "2020.07.31"]
[SourceVersion "1"]
[SourceVersionDate "2020.07.31"]
[SourceQuality "1"]

1. e4 c5 2. Nf3 e6 3. d4 cxd4 4. Nxd4 Nc6 5. g3 a6 6. Bg2 Nf6 7. 0-0 Qc7 8. c4 Bc5 9. Be3 Nxd4 10. Bxd4 0-0 11. Nc3 Rb8 12. Qd3 d6 13. f4 e5 14. Bf2 Bd7 15. b3 Rfd8 16. f5 b5 17. cxb5 axb5 18. Rac1 Bxf2+ 19. Rxf2 Qb6 20. Qe2 b4 21. Nd1 Bb5 22. Qe3 Qa6 23. h3 h6 24. g4 Ra8 25. Rfc2 Rac8 26. Nf2 Rc3 27. Qd2 Rxc2 28. Rxc2 Qa5 29. h4 Nh7 30. Qd5 Qb6 31. Bf1 Bxf1 32. Kxf1 Qe3 33. Qd2 Qg3 34. h5 Ng5 35. Qxb4 Nf3 36. Qb6 Qg1+ 37. Ke2 Nd4+ 38. Kd3 Kf8 39. Qxd8# 1-0

[Event "GER-ch Net Amateur Gr-A Vor2"]
[Site "Playchess.com INT"]
[Date "2020.04.15"]
[Round "8"]
[White "Mittelstaedt, Hendrik"]
[Black "Wiechert, Hans"]
[Result "1-0"]
[WhiteElo "1990"]
[BlackElo "1869"]
[PlyCount "107"]
[EventDate "2020.04.15"]
[EventType "swiss (blitz)"]
[EventRounds "9"]
[EventCountry "GER"]
[SourceTitle "CBM 196 Extra"]
[Source "ChessBase"]
[SourceDate "2020.07.31"]
[SourceVersion "1"]
[SourceVersionDate "2020.07.31"]
[SourceQuality "1"]

1. d4 f6 2. c4 e6 3. Nc3 Ne7 4. e4 Kf7 5. Bd3 g6 6. h4 h5 7. Nh3 d5 8. cxd5 exd5 9. e5 Nf5 10. exf6 c6 11. Ng5+ Kxf6 12. Nf3 Kg7 13. Bf4 Bd6 14. Bg5 Re8+ 15. Kd2 Be7 16. Bf4 Bd6 17. Bg5 Be7 18. Ne2 Qb6 19. Qc2 Na6 20. a3 Be6 21. b4 Nc7 22. Rag1 a5 23. b5 Nxb5 24. Bxb5 Qxb5 25. Rb1 Qa6 26. Nf4 Bf7 27. Ne5 Bxa3 28. g4 Bb4+ 29. Kd1 Qb6 30. gxf5 Qxd4+ 31. Ned3 c5 32. Kc1 c4 33. Nb2 Ba3 34. Rd1 Qe5 35. Qd2 c3 36. Qd4 cxb2+ 37. Kc2 Rac8+ 38. Kb3 a4+ 39. Kxa3 Rc3+ 40. Kxb2 Rb3+ 41. Ka2 Qxd4 42. Rxd4 Rxb1 43. Kxb1 Re1+ 44. Kc2 Rf1 45. Rxa4 Rxf2+ 46. Kd3 Rf3+ 47. Kd4 gxf5 48. Rb4 Kf8 49. Rxb7 Rf1 50. Bf6 Rd1+ 51. Ke5 Be8 52. Ne6+ Kg8 53. Rg7+ Kh8 54. Rg1+ 1-0

[Event "GER-ch Net Amateur Gr-A Vor1"]
[Site "Playchess.com INT"]
[Date "2020.04.14"]
[Round "4"]
[White "Gallasch, Jonas"]
[Black "Wiechert, Hans"]
[Result "1-0"]
[WhiteElo "2036"]
[BlackElo "1920"]
[PlyCount "79"]
[EventDate "2020.04.14"]
[EventType "swiss (blitz)"]
[EventRounds "9"]
[EventCountry "GER"]
[SourceTitle "EXT 2021"]
[Source "ChessBase"]
[SourceDate "2020.10.23"]
[SourceVersion "1"]
[SourceVersionDate "2020.10.23"]
[SourceQuality "1"]

1. d4 Nf6 2. c4 e6 3. Nf3 d5 4. Nc3 dxc4 5. e3 a6 6. a4 c5 7. Bxc4 Qc7 8. Qe2 Be7 9. 0-0 0-0 10. b3 b6 11. Ba3 Bb7 12. Rac1 Nbd7 13. Rfd1 Rfe8 14. e4 Qf4 15. Rc2 Nxe4 16. Bc1 Nxc3 17. Rxc3 Qg4 18. h3 Qh5 19. Bxe6 fxe6 20. Qxe6+ Kh8 21. Qxd7 Bxf3 22. Rxf3 cxd4 23. Rxd4 Bc5 24. Rg4 Qe5 25. Bf4 Qa1+ 26. Kh2 Rad8 27. Qb7 Rd1 28. Qf7 Rf8 29. Qc4 Rh1+ 30. Kg3 Qg1 31. Be3 Qh2+ 32. Kh4 Be7+ 33. Bg5 Rxf3 34. Bxe7 Rxh3+ 35. gxh3 Qxh3+ 36. Kg5 Qh6+ 37. Kf5 g6+ 38. Ke6 g5+ 39. Bf6+ Kg8 40. Ke7# 1-0

[Event "GER-ch Net Amateur Gr-A Vor1"]
[Site "Playchess.com INT"]
[Date "2020.04.14"]
[Round "2"]
[White "Wiechert, Hans"]
[Black "Serrer, Christoph"]
[Result "1-0"]
[WhiteElo "1904"]
[BlackElo "2079"]
[PlyCount "169"]
[EventDate "2020.04.14"]
[EventType "swiss (blitz)"]
[EventRounds "9"]
[EventCountry "GER"]
[SourceTitle "EXT 2021"]
[Source "ChessBase"]
[SourceDate "2020.10.23"]
[SourceVersion "1"]
[SourceVersionDate "2020.10.23"]
[SourceQuality "1"]

1. d4 Nf6 2. c4 c5 3. d5 b5 4. cxb5 a6 5. bxa6 Bxa6 6. Nc3 d6 7. e4 Bxf1 8. Kxf1 g6 9. Nf3 Bg7 10. g3 0-0 11. Kg2 Qa5 12. Bd2 Na6 13. a4 Rfb8 14. Rb1 Ne8 15. Nb5 Qb6 16. b3 Nec7 17. Nxc7 Qxc7 18. Qc2 Qb7 19. Rhc1 e6 20. dxe6 fxe6 21. Qd3 Rf8 22. Kg1 Qf7 23. Kg2 Qb7 24. Kg1 Rad8 25. Re1 Rd7 26. Bc3 Nb4 27. Qd2 Rxf3 28. Bxg7 Kxg7 29. Qe2 Rdf7 30. Rf1 Nc6 31. Qc4 Nd4 32. b4 Qxe4 33. Rbe1 Qf5 34. bxc5 Rxf2 35. Qxd4+ e5 36. Qxf2 Qxf2+ 37. Rxf2 Rd7 38. Rd2 d5 39. c6 Rc7 40. Rc1 d4 41. Rb2 Kf6 42. Rb7 Rc8 43. c7 d3 44. Rb8 d2 45. Rb6+ Kf5 46. Rd1 Rxc7 47. Rxd2 e4 48. Rf2+ Kg4 49. Re6 Rc4 50. a5 Kh3 51. a6 Ra4 52. Re2 h5 53. R2xe4 Ra1+ 54. Re1 Ra2 55. R6e4 g5 56. Re6 h4 57. gxh4 g4 58. R6e3+ Kxh4 59. Re6 Kg5 60. R1e5+ Kf4 61. Re2 Ra3 62. Kg2 Kf5 63. Rb6 Kf4 64. Reb2 Kf5 65. R2b3 Ra1 66. R6b5+ Kf4 67. R5b4+ Kg5 68. Rb6 Kh4 69. R3b5 Ra2+ 70. Kg1 Ra1+ 71. Kf2 Ra2+ 72. Ke3 Kh3 73. Rh5+ Kg2 74. Kd4 Kf3 75. Kc4 Rc2+ 76. Kb5 Rb2+ 77. Kc6 Rc2+ 78. Kb7 Re2 79. a7 Re7+ 80. Ka6 Re2 81. a8Q+ Kf2 82. Rf6+ Kg1 83. Qf8 Re3 84. Rf1+ Kg2 85. Qf2# 1-0

[Event "GER-ch Net Amateur Gr-A Vor1"]
[Site "Playchess.com INT"]
[Date "2020.04.14"]
[Round "3"]
[White "Wiechert, Hans"]
[Black "Wessendorf, Thomas"]
[Result "0-1"]
[WhiteElo "1929"]
[BlackElo "2075"]
[PlyCount "142"]
[EventDate "2020.04.14"]
[EventType "swiss (blitz)"]
[EventRounds "9"]
[EventCountry "GER"]
[SourceTitle "EXT 2021"]
[Source "ChessBase"]
[SourceDate "2020.10.23"]
[SourceVersion "1"]
[SourceVersionDate "2020.10.23"]
[SourceQuality "1"]

1. d4 g6 2. c4 Bg7 3. Nf3 c5 4. Nc3 cxd4 5. Nxd4 Nc6 6. Nc2 Nf6 7. e4 0-0 8. Be2 d6 9. 0-0 Be6 10. Be3 Rc8 11. Rc1 a6 12. f3 Ne5 13. b3 b5 14. Nd4 bxc4 15. Nxe6 fxe6 16. b4 d5 17. exd5 exd5 18. Bd4 Qd6 19. f4 Ned7 20. a3 Rcd8 21. Bf3 e6 22. g3 a5 23. Rb1 axb4 24. axb4 Rb8 25. b5 Rb7 26. Kg2 Nc5 27. Be5 Qd7 28. Qd4 Nd3 29. Be2 Nxe5 30. fxe5 Ne8 31. Rxf8+ Bxf8 32. Rd1 Nc7 33. Bxc4 Nxb5 34. Bxb5 Rxb5 35. Nxb5 Qxb5 36. Qd3 Qc6 37. Rf1 Bg7 38. Re1 Qb7 39. Kh3 Qb4 40. Re2 Qb7 41. Qf3 Qc7 42. Qf4 h6 43. Kg2 g5 44. Qe3 Qc6 45. Qd4 Bf8 46. Rd2 Qb7 47. Kh3 Bg7 48. Qd3 Qf7 49. Re2 Qh5+ 50. Kg2 g4 51. Qe3 Qf5 52. Qf4 Qd3 53. Rf2 Kh7 54. Qf7 Qe4+ 55. Kg1 Qe1+ 56. Rf1 Qxe5 57. Kg2 Qe4+ 58. Kg1 d4 59. Qf2 d3 60. Qg2 Bd4+ 61. Kh1 Qg6 62. Qd2 e5 63. Rb1 e4 64. Qa5 Bg7 65. Qc7 Qf5 66. Rb7 Qf3+ 67. Kg1 Qf6 68. Kg2 e3 69. Qd7 Qf3+ 70. Kg1 Qf2+ 71. Kh1 Qf1# 0-1

[Event "GER-ch Net blitz qual5"]
[Site "Playchess.com INT"]
[Date "2020.03.28"]
[Round "6"]
[White "Wessendorf, Thomas"]
[Black "Wiechert, Hans"]
[Result "1-0"]
[WhiteElo "2242"]
[BlackElo "2193"]
[PlyCount "41"]
[EventDate "2020.03.28"]
[EventType "swiss (blitz)"]
[EventRounds "13"]
[EventCountry "GER"]
[SourceTitle "CBM 195 Extra"]
[Source "ChessBase"]
[SourceDate "2020.05.31"]
[SourceVersion "1"]
[SourceVersionDate "2020.05.31"]
[SourceQuality "1"]

1. e4 c5 2. Nf3 e6 3. d3 d5 4. Nbd2 g6 5. g3 Bg7 6. Bg2 Ne7 7. 0-0 0-0 8. Re1 Nbc6 9. c3 b6 10. Nf1 Ba6 11. e5 b5 12. Bg5 Qd7 13. Qd2 Rfc8 14. a3 Bb7 15. Bh6 Bh8 16. h4 Nf5 17. Bg5 Qc7 18. g4 Nfe7 19. Qf4 a5 20. Bf6 Re8 21. Qh6 1-0

[Event "GER-ch Net blitz qual3"]
[Site "Playchess.com INT"]
[Date "2020.03.21"]
[Round "3"]
[White "Armbrust, Matthias"]
[Black "Wiechert, Hans"]
[Result "0-1"]
[WhiteElo "1834"]
[BlackElo "2193"]
[PlyCount "54"]
[EventDate "2020.03.21"]
[EventType "swiss (blitz)"]
[EventRounds "9"]
[EventCountry "GER"]
[SourceTitle "CBM 195 Extra"]
[Source "ChessBase"]
[SourceDate "2020.05.31"]
[SourceVersion "1"]
[SourceVersionDate "2020.05.31"]
[SourceQuality "1"]

1. e4 c5 2. Nc3 e6 3. f4 a6 4. Nf3 d5 5. d3 g6 6. g3 Bg7 7. Bg2 Ne7 8. 0-0 0-0 9. e5 b5 10. Ne2 Bb7 11. Be3 d4 12. Bf2 Nbc6 13. g4 f5 14. exf6 Bxf6 15. Ng3 Nd5 16. f5 exf5 17. gxf5 Nf4 18. Qd2 Nxg2 19. Kxg2 Ne5 20. Bg1 Bh4 21. Rae1 Nxf3 22. Rxf3 Bxg3 23. Kxg3 Bxf3 24. Kxf3 Rxf5+ 25. Kg2 Qd5+ 26. Re4 Re8 27. Qe2 Rfe5 0-1

[Event "GER-ch Net blitz qual3"]
[Site "Playchess.com INT"]
[Date "2020.03.21"]
[Round "5"]
[White "Wiechert, Hans"]
[Black "Reichmann, Hendrik"]
[Result "1-0"]
[WhiteElo "2193"]
[BlackElo "2344"]
[PlyCount "93"]
[EventDate "2020.03.21"]
[EventType "swiss (blitz)"]
[EventRounds "9"]
[EventCountry "GER"]
[SourceTitle "CBM 195 Extra"]
[Source "ChessBase"]
[SourceDate "2020.05.31"]
[SourceVersion "1"]
[SourceVersionDate "2020.05.31"]
[SourceQuality "1"]

1. d4 g6 2. c4 Bg7 3. Nf3 d6 4. Nc3 e5 5. dxe5 dxe5 6. Qxd8+ Kxd8 7. Bg5+ f6 8. 0-0-0+ Ke8 9. Be3 Kf7 10. h4 Be6 11. b3 Ne7 12. g3 Nbc6 13. Bh3 Bxh3 14. Rxh3 Nf5 15. Bc5 Rhd8 16. Rhh1 a6 17. e3 b5 18. Rxd8 Rxd8 19. cxb5 axb5 20. Rd1 Rxd1+ 21. Kxd1 Nd6 22. Bxd6 cxd6 23. Nxb5 Ke6 24. e4 h6 25. Nd2 f5 26. Ke2 h5 27. a3 Bh6 28. Nc4 fxe4 29. Ncxd6 Kd5 30. Nc4 Bc1 31. Nc3+ Kd4 32. Na2 Bh6 33. Ne3 Kc5 34. b4+ Kb5 35. Nc3+ Kb6 36. Nxe4 Nd4+ 37. Kd3 Nb5 38. a4 Nd4 39. Nc4+ Kc6 40. Nxe5+ Kd5 41. Nxg6 Nf3 42. Ne7+ Ke6 43. Nc6 Kd5 44. b5 Ne1+ 45. Ke2 Nc2 46. Nf6+ Kc5 47. Nxh5 1-0

[Event "GER-ch Net blitz qual3"]
[Site "Playchess.com INT"]
[Date "2020.03.21"]
[Round "1"]
[White "Wiechert, Hans"]
[Black "Schaudienst, Arvid"]
[Result "1-0"]
[WhiteElo "2193"]
[BlackElo "1620"]
[PlyCount "95"]
[EventDate "2020.03.21"]
[EventType "swiss (blitz)"]
[EventRounds "9"]
[EventCountry "GER"]
[SourceTitle "CBM 195 Extra"]
[Source "ChessBase"]
[SourceDate "2020.05.31"]
[SourceVersion "1"]
[SourceVersionDate "2020.05.31"]
[SourceQuality "1"]

1. d4 Nf6 2. c4 g6 3. g3 Bg7 4. Bg2 0-0 5. Nf3 d6 6. Nc3 Nbd7 7. 0-0 e5 8. e4 Re8 9. h3 Nb6 10. b3 Bd7 11. Be3 Qc8 12. Kh2 Nh5 13. Rc1 Nf6 14. Re1 exd4 15. Nxd4 Bc6 16. Nxc6 bxc6 17. e5 Nfd7 18. Bxc6 Rb8 19. exd6 cxd6 20. Qxd6 Re6 21. Bxd7 Nxd7 22. Qd5 Re5 23. Qf3 Rf5 24. Qe2 Ne5 25. Kg2 Rh5 26. g4 Rh4 27. Nd5 Qb7 28. Bd4 Nc6 29. Bxg7 Kxg7 30. Qb2+ Kg8 31. Kg3 Rh6 32. Nf6+ Kf8 33. Rcd1 Qc7+ 34. Kg2 Rd8 35. Qe2 Kg7 36. Nd5 Qa5 37. Qd2 Qxd2 38. Rxd2 g5 39. Red1 Rhd6 40. Kf3 f6 41. Ke2 Re8+ 42. Ne3 Rxd2+ 43. Rxd2 Ne5 44. Rd6 Nf7 45. Rd7 a6 46. Kf1 Kg6 47. Nf5 Ne5 48. Rg7# 1-0

[Event "GER-ch Net blitz qual1"]
[Site "Playchess.com INT"]
[Date "2020.03.07"]
[Round "2"]
[White "Hartmann, Lasse Elias"]
[Black "Wiechert, Hans"]
[Result "1-0"]
[WhiteElo "1620"]
[BlackElo "2193"]
[PlyCount "39"]
[EventDate "2020.03.07"]
[EventType "swiss (blitz)"]
[EventRounds "9"]
[EventCountry "GER"]
[SourceTitle "CBM 195 Extra"]
[Source "ChessBase"]
[SourceDate "2020.05.31"]
[SourceVersion "1"]
[SourceVersionDate "2020.05.31"]
[SourceQuality "1"]

1. e4 c6 2. d4 d5 3. exd5 cxd5 4. Nc3 Nf6 5. Nf3 Nc6 6. Be3 Bg4 7. h3 Bh5 8. g4 Bg6 9. Ne5 Qb6 10. Nxg6 hxg6 11. g5 Ne4 12. Nxe4 dxe4 13. d5 Qa5+ 14. Qd2 Nb4 15. c3 Nxd5 16. b4 Qa3 17. Bb5+ Kd8 18. Qxd5+ Kc7 19. Qd7+ Kb8 20. Qd8# 1-0

[Event "GER-ch Net blitz qual1"]
[Site "Playchess.com INT"]
[Date "2020.03.07"]
[Round "1"]
[White "Wiechert, Hans"]
[Black "Heiligtag, Matthias"]
[Result "1-0"]
[WhiteElo "2193"]
[BlackElo "1451"]
[PlyCount "119"]
[EventDate "2020.03.07"]
[EventType "swiss (blitz)"]
[EventRounds "9"]
[EventCountry "GER"]
[SourceTitle "CBM 195 Extra"]
[Source "ChessBase"]
[SourceDate "2020.05.31"]
[SourceVersion "1"]
[SourceVersionDate "2020.05.31"]
[SourceQuality "1"]

1. d4 Nf6 2. c4 e6 3. g3 Bb4+ 4. Bd2 Bxd2+ 5. Qxd2 d5 6. Bg2 0-0 7. Nf3 b6 8. cxd5 exd5 9. 0-0 Bb7 10. Nc3 c5 11. Ne5 cxd4 12. Qxd4 Re8 13. Rad1 Nbd7 14. Nxd7 Qxd7 15. e3 Rad8 16. Rd2 Qc7 17. Rfd1 Qc5 18. Bf3 Qxd4 19. Rxd4 Bc6 20. Kg2 Rd7 21. h4 Red8 22. Ne2 Kf8 23. Nf4 Ke7 24. Rc1 Bb7 25. b4 a6 26. a3 b5 27. Rc5 h6 28. g4 g5 29. hxg5 hxg5 30. Nh3 Rd6 31. Kg3 Nh7 32. Ng1 Rc6 33. Rcxd5 Rxd5 34. Bxd5 Rc7 35. Nf3 Bxd5 36. Rxd5 Rc3 37. Nxg5 Nxg5 38. Rxg5 Rxa3 39. Rc5 Rb3 40. Rc6 Rxb4 41. Rxa6 Rb1 42. Rb6 b4 43. Kf4 Rb2 44. f3 b3 45. Kf5 Rb1 46. f4 b2 47. e4 f6 48. Rb7+ Ke8 49. Rb6 Ke7 50. Rb7+ Ke8 51. Kxf6 Rf1 52. Rb8+ Kd7 53. Rxb2 Rxf4+ 54. Kg5 Rxe4 55. Rf2 Ke7 56. Kh5 Re5+ 57. g5 Re6 58. g6 Re5+ 59. Kh6 Re6 60. Kh7 1-0

[Event "GER-ch Net blitz qual1"]
[Site "Playchess.com INT"]
[Date "2020.03.07"]
[Round "9"]
[White "Wiechert, Hans"]
[Black "Koepke, Christian"]
[Result "1-0"]
[WhiteElo "2193"]
[BlackElo "2342"]
[PlyCount "51"]
[EventDate "2020.03.07"]
[EventType "swiss (blitz)"]
[EventRounds "9"]
[EventCountry "GER"]
[SourceTitle "CBM 195 Extra"]
[Source "ChessBase"]
[SourceDate "2020.05.31"]
[SourceVersion "1"]
[SourceVersionDate "2020.05.31"]
[SourceQuality "1"]

1. d4 d5 2. c4 e6 3. Nf3 c5 4. cxd5 exd5 5. g3 Nc6 6. Bg2 Nf6 7. 0-0 Be7 8. dxc5 Bxc5 9. Qc2 Bb6 10. Nc3 d4 11. Na4 0-0 12. Rd1 Bg4 13. h3 Bh5 14. Nxb6 Qxb6 15. Bg5 Bg6 16. Qc1 Rac8 17. Bxf6 gxf6 18. Qd2 Rcd8 19. Rac1 Rfe8 20. Rc4 Qa6 21. b3 d3 22. e3 Ne5 23. Rc7 b6 24. Nd4 Qa3 25. Nb5 a6 26. Nxa3 1-0

[Event "Pfalz op-A 11th"]
[Site "Neustadt an der Weinstrasse"]
[Date "2020.02.22"]
[Round "2"]
[White "Wiechert, Hans"]
[Black "Koellner, Ruben Gideon"]
[Result "0-1"]
[WhiteElo "2175"]
[BlackElo "2370"]
[PlyCount "112"]
[EventDate "2020.02.21"]
[EventType "swiss"]
[EventRounds "9"]
[EventCountry "GER"]
[SourceTitle "CBM 195 Extra"]
[Source "ChessBase"]
[SourceDate "2020.05.31"]
[SourceVersion "1"]
[SourceVersionDate "2020.05.31"]
[SourceQuality "1"]

1. d4 d5 2. c4 e6 3. Nf3 Nf6 4. g3 Bb4+ 5. Bd2 Bd6 6. Nc3 c6 7. Qc2 0-0 8. e4 dxe4 9. Nxe4 Nxe4 10. Qxe4 c5 11. Bg2 Nc6 12. Bc3 cxd4 13. Nxd4 Be5 14. 0-0-0 Bxd4 15. Bxd4 Nxd4 16. Qxd4 Qc7 17. b3 e5 18. Qd6 Qa5 19. Kb2 Be6 20. Qd2 Qb6 21. Qe3 Qc7 22. Rd2 a5 23. a4 Ra6 24. Bd5 Bc8 25. Re1 Re8 26. f4 e4 27. Qd4 Bf5 28. Re3 Kh8 29. Rde2 Qd7 30. Qc3 Bg4 31. Rd2 Rd6 32. Qxa5 f5 33. Qb5 Qe7 34. a5 Red8 35. Kb1 Bh5 36. Rb2 R6d7 37. b4 Bf7 38. Rd2 Be8 39. Qb6 Bf7 40. Qb5 Be8 41. Qb6 Bf7 42. Qb5 h6 43. h4 Bxd5 44. cxd5 Qf7 45. Rc3 Rxd5 46. Rxd5 Rxd5 47. Rc8+ Kh7 48. Rc5 Rd1+ 49. Kc2 Rd3 50. Qc4 Qh5 51. Qxd3 exd3+ 52. Kxd3 Qf3+ 53. Kd4 Qxg3 54. Rxf5 Qxh4 55. Kc4 Qg4 56. Rf8 Qe6+ 0-1

[Event "Bayern-chI Bank Hofmann 23rd"]
[Site "Tegernsee"]
[Date "2019.10.29"]
[Round "4"]
[White "Engel, Luis"]
[Black "Wiechert, Hans"]
[Result "1-0"]
[WhiteElo "2507"]
[BlackElo "2187"]
[PlyCount "53"]
[EventDate "2019.10.26"]
[EventType "swiss"]
[EventRounds "9"]
[EventCountry "GER"]
[SourceTitle "CBM 192 Extra"]
[Source "Chessbase"]
[SourceDate "2019.11.06"]
[SourceVersion "1"]
[SourceVersionDate "2019.11.06"]
[SourceQuality "1"]

1. e4 c5 2. Nf3 e6 3. d4 cxd4 4. Nxd4 Nc6 5. Nc3 Qc7 6. Be2 a6 7. 0-0 Nf6 8. Be3 Bb4 9. Nxc6 bxc6 10. f4 0-0 11. e5 Nd5 12. Nxd5 cxd5 13. c3 Bc5 14. Bd4 d6 15. Kh1 a5 16. Rf3 Ba6 17. Bxa6 Rxa6 18. exd6 Bxd6 19. Rh3 f5 20. Qe2 Rc6 21. Qxe6+ Rf7 22. Qxd5 Bxf4 23. Re1 Bd6 24. Re6 h6 25. Rg3 Kh7 26. Rxg7+ Rxg7 27. Qxf5+ 1-0

[Event "Oberliga Baden 1819"]
[Site "Baden"]
[Date "2019.04.07"]
[Round "9.8"]
[White "Wiechert, Hans"]
[Black "Terraz, Christian"]
[Result "1-0"]
[WhiteElo "2177"]
[BlackElo "2052"]
[PlyCount "48"]
[EventDate "2018.10.21"]
[EventType "team-tourn"]
[EventRounds "9"]
[EventCountry "GER"]
[SourceTitle "EXT 2020"]
[Source "ChessBase"]
[SourceDate "2019.10.17"]
[SourceVersion "1"]
[SourceVersionDate "2019.10.17"]
[SourceQuality "1"]
[WhiteTeam "Untergrombach"]
[BlackTeam "Dreisamtal"]
[WhiteTeamCountry "GER"]
[BlackTeamCountry "GER"]

1. d4 Nf6 2. c4 g6 3. Nf3 Bg7 4. g3 0-0 5. Bg2 d6 6. 0-0 Nc6 7. Nc3 a6 8. b3 Rb8 9. Nd5 Nd7 10. Bb2 e6 11. Nf4 g5 12. Nh5 Bh8 13. Qd2 h6 14. d5 Nce5 15. dxe6 fxe6 16. Nxe5 dxe5 17. Ba3 Nf6 18. Qxd8 Rxd8 19. Be7 Rf8 20. Nxf6+ Bxf6 21. Bxf8 Kxf8 22. Rad1 Be7 23. Be4 Bc5 24. Rd8+ Kf7 1-0

[Event "Oberliga Baden 1819"]
[Site "Baden"]
[Date "2019.02.03"]
[Round "6.8"]
[White "Hierholz, Bernd"]
[Black "Wiechert, Hans"]
[Result "1/2-1/2"]
[WhiteElo "2117"]
[BlackElo "2177"]
[PlyCount "68"]
[EventDate "2018.10.21"]
[EventType "team-tourn"]
[EventRounds "9"]
[EventCountry "GER"]
[SourceTitle "EXT 2020"]
[Source "ChessBase"]
[SourceDate "2019.10.17"]
[SourceVersion "1"]
[SourceVersionDate "2019.10.17"]
[SourceQuality "1"]
[WhiteTeam "Hockenheim II"]
[BlackTeam "Untergrombach"]
[WhiteTeamCountry "GER"]
[BlackTeamCountry "GER"]

1. e4 c6 2. d4 d5 3. exd5 cxd5 4. c4 Nf6 5. Nc3 Nc6 6. Nf3 Bg4 7. cxd5 Nxd5 8. Qb3 Bxf3 9. gxf3 e6 10. Qxb7 Nxd4 11. Bb5+ Nxb5 12. Qc6+ Ke7 13. Qxb5 Qd7 14. Nxd5+ Qxd5 15. Qxd5 exd5 16. Be3 Ke6 17. 0-0 Bb4 18. a3 Ba5 19. Rac1 Rhd8 20. Bd4 f6 21. Rc6+ Rd6 22. Rc2 Kf5 23. Rd1 g5 24. Bc5 Rd7 25. b4 Bb6 26. Rcd2 Rad8 27. Bd4 Bxd4 28. Rxd4 Ke5 29. R4d3 h5 30. h3 Rc8 31. Re1+ Kf5 32. Red1 Ke5 33. Re1+ Kf5 34. Red1 Ke5 1/2-1/2

[Event "Untergrombach op 36th"]
[Site "Untergrombach"]
[Date "2019.01.06"]
[Round "7"]
[White "Faulhaber, Rolf"]
[Black "Wiechert, Hans"]
[Result "1/2-1/2"]
[WhiteElo "2034"]
[BlackElo "2167"]
[PlyCount "38"]
[EventDate "2019.01.02"]
[EventType "swiss"]
[EventRounds "7"]
[EventCountry "GER"]
[SourceTitle "CBM 188 Extra"]
[Source "ChessBase"]
[SourceDate "2019.02.26"]
[SourceVersion "1"]
[SourceVersionDate "2019.02.26"]
[SourceQuality "1"]

1. Nf3 d5 2. c4 e6 3. g3 Nf6 4. Bg2 Be7 5. 0-0 0-0 6. d4 dxc4 7. Qc2 a6 8. a4 Bd7 9. Qxc4 Bc6 10. Bf4 Bd6 11. Qc1 Nbd7 12. Nc3 b5 13. Ne5 Bxg2 14. Kxg2 c5 15. Nxd7 Qxd7 16. Bxd6 Qxd6 17. dxc5 Qc6+ 18. Kg1 Qxc5 19. Qf4 h6 1/2-1/2